مكتبة جامعة عجلون الوطنية

فهرس بحث المكتبة

Normal view MARC view
  • القران - التشافي بالقران - ندوة

Entry Topical Term

Number of records used in: 1

001 - CONTROL NUMBER

  • control field: 43698

003 - CONTROL NUMBER IDENTIFIER

  • control field: JO-AjAnu

005 - DATE AND TIME OF LATEST TRANSACTION

  • control field: 20230606081236.0

008 - FIXED-LENGTH DATA ELEMENTS

  • fixed length control field: 230606|| aca||aabn | a|a d

040 ## - CATALOGING SOURCE

  • Original cataloging agency: JO-AjAnu
  • Transcribing agency: JO-AjAnu

150 ## - HEADING--TOPICAL TERM

  • Topical term or geographic name entry element: القران - التشافي بالقران - ندوة

670 ## - SOURCE DATA FOUND

  • Source citation: Work cat.: (JO-AjAnu)22372: تاليف أبو النور، محمد الأحمدي وآخرون, author 43697, أبحاث منتقاة من ندوة التشافي بالقرآن: دولة الكويت 26-28 جمادى الآخرة 1418 هجري 27-29 اكتوبر 1997